000 01204nam a2200301 i 4500
003 EG-GICUC
005 20260425125442.0
008 260213s1981 ua |||fr|||| 00| 0 ara d
040 _a EG-GICUC
_bara
_c EG-GICUC
_d EG-GICUC
_erda
041 1 _aAra
082 0 4 _221
_a343.434
_bف ر . ج
092 0 4 _221
099 _aLaw1 10 343.434 ف ر . ج 1981
100 0 _aفرج علوانى هليل
_eمؤلف.
245 1 2 _aالجديد فى قوانين التشرد والإشتباه والمواقف القضائية وفقا لآخر التعديلات معلقا عليها /
_cتأليف رئيس المحكمة فرج علوانى هليل.
264 3 _aالإسكندرية :
_bدار المطبوعات الجامعية،
_c1981.
300 _a56 ؛صفحة
_c24 سم.
336 _2rda content
_atext
337 _2rda media
_aComputer
338 _2rda carrier
_aOnline Resource
546 _aالنص باللغة العربية
650 1 _aالتشريع الخاص بالإشتباه
_2qrmak
650 1 _aالقانون الجنائى
_2qrmak
651 1 _2qrmak
856 4 0 _uhttps://fll.law.cu.edu.eg/fulltext/bks/B10-08817.pdf
905 _a54
942 _2ddc
_cBK
_e21
_n0
999 _c63010
_d63010